[Event "21st Chicago Open"]
[Site "Wheeling USA"]
[Date "2012.05.26"]
[Round "5"]
[White "Ramirez, Alejandro"]
[Black "Gurevich, Dmitry"]
[Result "1-0"]
[WhiteTitle "GM"]
[BlackTitle "GM"]
[WhiteElo "2593"]
[BlackElo "2471"]
[WhiteFideId "6500617"]
[BlackFideId "2000407"]
[EventDate "2012.05.24"]
[EventType "swiss"]

1. d4 d5 2. c4 e6 3. Nc3 Be7 4. cxd5 exd5 5. Bf4 Nf6 6. e3 O-O 7. Bd3 c5 8. Nge2
Nc6 9. O-O cxd4 10. Nxd4 Qb6 11. Na4 Qa5 12. Nxc6 bxc6 13. Rc1 Ba6 14. Bxa6 Qxa6
15. Be5 Ne4 16. b3 f6 17. Bd4 Rac8 18. Rc2 Rf7 19. Qc1 Bf8 20. Rd1 Rfc7 21. Bb2
Qb7 22. Ba3 Bxa3 23. Qxa3 a5 24. Nc5 Qb5 25. Ne6 Rd7 26. Rdc1 Qb4 27. Qxb4 axb4
28. Rxc6 Rxc6 29. Rxc6 Ra7 30. f3 Nc3 31. Rc8+ Kf7 32. Nd8+ Kg6 33. Nc6 Ra3 34.
Rc7 f5 35. Nxb4 Nxa2 36. Nxd5 Rxb3 37. h4 Rb1+ 38. Kh2 Rc1 39. Ra7 Rc2 40. Nf4+
Kh6 1-0

[Event "21st Chicago Open"]
[Site "Wheeling USA"]
[Date "2012.05.26"]
[Round "5"]
[White "Perelshteyn, Eugene"]
[Black "Kretchetov, Alexandre"]
[Result "1/2-1/2"]
[WhiteTitle "GM"]
[BlackTitle "FM"]
[WhiteElo "2526"]
[BlackElo "2339"]
[WhiteFideId "2012529"]
[BlackFideId "4124588"]
[EventDate "2012.05.24"]
[EventType "swiss"]

1. e4 c6 2. d4 d5 3. exd5 cxd5 4. Bd3 Nc6 5. c3 g6 6. Nf3 Bg7 7. O-O Nh6 8. h3
O-O 9. Re1 f6 10. c4 Nb4 11. Nc3 Nxd3 12. Qxd3 Bf5 13. Qe2 dxc4 14. Qxc4+ Nf7
15. Bf4 Qd7 16. Qb3 Rfe8 17. Bg3 e6 18. Rad1 g5 19. Nh2 Bg6 20. f4 h6 21. Nf3
Bh5 22. Ne4 b6 23. fxg5 hxg5 24. Bf2 Rad8 25. Ng3 Bg6 26. Rc1 Bh6 27. Rc3 Nd6
28. a4 Rc8 29. Qa2 Bf7 30. Qa3 Bf8 31. Qa1 Rxc3 32. bxc3 Rc8 33. a5 b5 34. Nd2
Qc6 35. Nde4 Nxe4 36. Nxe4 Be7 37. d5 exd5 38. Nxg5 Bc5 39. Nxf7 Bxf2+ 40. Kxf2
Kxf7 41. Qb1 Qc5+ 42. Re3 Rg8 43. Qh7+ Rg7 44. Qh5+ Rg6 45. g4 Qd6 46. Kg2 d4
47. cxd4 Qxd4 48. Re2 Qc4 49. Qh7+ Rg7 50. Qh5+ Rg6 51. Qh7+ Rg7 52. Re7+ Kxe7
53. Qxg7+ Ke6 54. Qxa7 Qe4+ 55. Kg3 Qe5+ 56. Kf3 Qd5+ 57. Kf2 Qd2+ 58. Kf3 Qd5+
59. Ke2 Qc4+ 60. Kd2 Qb4+ 61. Ke2 Qc4+ 62. Ke3 Qc1+ 63. Ke2 Qc4+ 1/2-1/2

[Event "21st Chicago Open"]
[Site "Wheeling USA"]
[Date "2012.05.26"]
[Round "5"]
[White "Bartholomew, John"]
[Black "Troff, Kayden W"]
[Result "1/2-1/2"]
[WhiteTitle "IM"]
[BlackTitle "FM"]
[WhiteElo "2445"]
[BlackElo "2276"]
[WhiteFideId "2019353"]
[BlackFideId "2047896"]
[EventDate "2012.05.24"]
[EventType "swiss"]

1. c4 Nf6 2. g3 e5 3. Bg2 Nc6 4. Nc3 Bc5 5. Nf3 d6 6. O-O O-O 7. d3 h6 8. a3 a6
9. b4 Ba7 10. Bb2 Be6 11. Rc1 Qd7 12. e3 Bh3 13. Nd5 Nxd5 14. Bxh3 Qxh3 15. cxd5
Ne7 16. d4 e4 17. Nd2 Nxd5 18. Nxe4 Rae8 19. Qf3 Qe6 20. Nc3 Nxc3 21. Rxc3 c6
22. d5 Qxd5 23. Qxd5 cxd5 24. Rc7 Rb8 25. Rd1 Bb6 26. Rd7 Rfd8 27. Rxd8+ Rxd8
28. Rxd5 f6 29. Bd4 Bxd4 30. Rxd4 Kf7 31. Rc4 Ke6 32. Kf1 Kd7 33. Ke2 d5 34. Rc5
Kd6 35. Kd3 b6 36. Rc2 Re8 37. f3 g5 38. h3 h5 39. a4 g4 40. fxg4 hxg4 41. hxg4
Re4 42. Rf2 Rxg4 43. Rxf6+ Kc7 44. Rf4 Rxg3 45. Kd4 Kd7 46. Rf5 Rg4+ 47. Kxd5
Rxb4 48. Rf7+ Ke8 49. Rb7 Rxa4 50. e4 b5 51. e5 Kd8 52. Kd6 Rd4+ 53. Kc6 Ke8 1/2-1/2

[Event "21st Chicago Open"]
[Site "Wheeling USA"]
[Date "2012.05.26"]
[Round "5"]
[White "Sarkar, Justin"]
[Black "Young, Angelo"]
[Result "0-1"]
[WhiteTitle "IM"]
[BlackTitle "IM"]
[WhiteElo "2411"]
[BlackElo "2338"]
[WhiteFideId "2010011"]
[BlackFideId "5200490"]
[EventDate "2012.05.24"]
[EventType "swiss"]

1. d4 Nf6 2. c4 g6 3. Nc3 Bg7 4. e4 O-O 5. Nf3 c5 6. Be2 Na6 7. O-O d6 8. Re1
Bg4 9. d5 Bxf3 10. Bxf3 Nd7 11. Be3 Nc7 12. Qd2 Rb8 13. Be2 a6 14. a4 Re8 15. a5
b6 16. axb6 Rxb6 17. Reb1 Qb8 18. Na4 Rb3 19. Bd1 Rb4 20. Qc2 e6 21. Ra3 exd5
22. exd5 Bd4 23. Bd2 Rb7 24. Ba5 Ne5 25. Be2 Re7 26. b4 cxb4 27. Rab3 Qa7 28.
Rxb4 Bxf2+ 29. Kf1 Rxb4 30. Bxb4 Bg1 31. c5 Bxh2 32. Nb6 Re8 33. Be1 Nb5 34. Qa4
Qe7 35. Bh4 g5 36. Bf2 Nc3 37. cxd6 Qd8 38. Qc2 Nxb1 39. Qxb1 Qxd6 40. g3 Nd7
41. Nxd7 Qxd7 42. Bf3 g4 43. Be4 Qb5+ 44. Qxb5 axb5 45. d6 Rd8 46. Kg2 Rxd6 47.
Kxh2 b4 48. Kg2 b3 49. Kf1 b2 0-1

[Event "21st Chicago Open"]
[Site "Wheeling USA"]
[Date "2012.05.26"]
[Round "5"]
[White "Shetty, Atulya"]
[Black "Mulyar, Michael A."]
[Result "1/2-1/2"]
[BlackTitle "IM"]
[WhiteElo "2219"]
[BlackElo "2408"]
[WhiteFideId "2031213"]
[BlackFideId "2008742"]
[EventDate "2012.05.24"]
[EventType "swiss"]

1. c4 e5 2. g3 Nc6 3. Nc3 g6 4. Bg2 Bg7 5. e4 d6 6. Nge2 Nge7 7. O-O O-O 8. Rb1
Be6 9. d3 a5 10. a3 f5 11. Nd5 Qd7 12. b4 axb4 13. axb4 fxe4 14. dxe4 Nc8 15. c5
Nd8 16. cxd6 Nxd6 17. Be3 b5 18. Qc1 Nc4 19. Bc5 Re8 20. Rd1 Qf7 21. Nec3 c6 22.
Nb6 Nxb6 23. Bxb6 Nb7 24. Ne2 Bc4 25. Qe3 Ra6 26. Nc1 Rea8 27. Bh3 Qf8 28. Bc7
c5 29. Qd2 cxb4 30. Rxb4 Nc5 31. Bxe5 Nxe4 32. Bxg7 Nxd2 33. Bxf8 Nf3+ 34. Kh1
Rxf8 35. Bf1 Bxf1 36. Rxf1 Nd2 37. Rd1 Rxf2 38. Nd3 Rf1+ 39. Rxf1 Nxf1 40. Rxb5
Ra3 41. Nf2 Ra2 1/2-1/2

[Event "21st Chicago Open"]
[Site "Wheeling USA"]
[Date "2012.05.26"]
[Round "5"]
[White "Rensch, Daniel"]
[Black "Stoumbos, Konstantinos"]
[Result "1/2-1/2"]
[WhiteTitle "IM"]
[WhiteElo "2396"]
[BlackElo "2249"]
[WhiteFideId "2017202"]
[BlackFideId "4205936"]
[EventDate "2012.05.24"]
[EventType "swiss"]

1. e4 c6 2. d4 d5 3. exd5 cxd5 4. c4 Nf6 5. Nc3 Nc6 6. Bg5 Be6 7. a3 Qd7 8. c5
O-O-O 9. Bb5 Ne4 10. Be3 g6 11. Nge2 Bg7 12. Qa4 a6 13. Bd3 Nxc5 14. dxc5 d4 15.
O-O-O dxe3 16. Bxa6 Qc7 17. Bb5 Na5 18. fxe3 Rxd1+ 19. Nxd1 Rd8 20. Ndc3 Nb3+
21. Kb1 Qxc5 22. Rd1 Rxd1+ 23. Nxd1 Nd2+ 24. Ka1 Nb3+ 25. Kb1 Nd2+ 26. Ka1 Nb3+
27. Kb1 Nd2+ 1/2-1/2

[Event "21st Chicago Open"]
[Site "Wheeling USA"]
[Date "2012.05.26"]
[Round "5"]
[White "Gulamali, Kazim"]
[Black "Xiong, Jeffrey"]
[Result "1/2-1/2"]
[WhiteTitle "FM"]
[BlackTitle "FM"]
[WhiteElo "2346"]
[BlackElo "2180"]
[WhiteFideId "2024764"]
[BlackFideId "2047640"]
[EventDate "2012.05.24"]
[EventType "swiss"]

1. e4 c5 2. Nf3 d6 3. d4 cxd4 4. Nxd4 Nf6 5. Nc3 g6 6. Be2 Bg7 7. O-O O-O 8. Be3
Nc6 9. Nb3 Bd7 10. f4 Rc8 11. g4 Ne8 12. Bf3 Nc7 13. a4 Na6 14. Rf2 Nab4 15. a5
Be6 16. Ra4 Na6 17. Nd5 Qd7 18. Rc4 Bxd5 19. exd5 Ne5 20. Rxc8 Nxf3+ 21. Qxf3
Qxc8 22. c3 Qc4 23. Qd1 Nc7 24. Rd2 Bf6 25. Nc1 Qe4 26. Bxa7 Qxf4 27. Bb6 Bg5
28. Nb3 Qc4 29. Rd3 Re8 30. Kg2 Nb5 31. Na1 e6 32. Nc2 Qa4 33. dxe6 Rxe6 34. Nd4
Qxd1 35. Rxd1 Nxd4 36. Rxd4 Re2+ 37. Kf3 Rxb2 38. Rxd6 Rb3 39. Bd4 Kf8 40. Ke4
Ke7 41. Bc5 Ke8 42. Bb4 Bd8 43. Rd5 Rb1 44. Rb5 Rb2 45. h3 Bc7 46. Kd5 h5 47. g5
h4 48. Kc4 Bd8 49. Rxb7 Bxa5 50. Re7+ Kd8 51. Rxf7 Bxb4 52. cxb4 Rh2 53. Rf3 Rg2
54. Rf4 Rxg5 55. Rxh4 Kc7 56. Rg4 Rh5 57. h4 Rf5 58. b5 Kb7 59. Kb4 Rf1 60. Kc5
Rf5+ 61. Kb4 Rf1 62. Re4 Kb6 63. Re6+ Kb7 64. Kc5 Rf5+ 65. Kd6 Rxb5 66. Re7+ Kb6
67. Rg7 1/2-1/2

[Event "21st Chicago Open"]
[Site "Wheeling USA"]
[Date "2012.05.26"]
[Round "5"]
[White "Homa, Seth"]
[Black "Mcgowan, Daniel"]
[Result "1/2-1/2"]
[WhiteTitle "FM"]
[WhiteElo "2303"]
[BlackElo "2111"]
[WhiteFideId "2031779"]
[BlackFideId "2401479"]
[EventDate "2012.05.24"]
[EventType "swiss"]

1. d4 e6 2. c4 d5 3. Nf3 Nf6 4. g3 dxc4 5. Bg2 Bb4+ 6. Bd2 Be7 7. O-O Nbd7 8.
Qa4 O-O 9. Qxc4 a6 10. Rc1 Bd6 11. Bf4 Nb6 12. Qc2 Bxf4 13. gxf4 Nbd5 14. e3 b6
15. Ne5 Bb7 16. Nc6 Qd7 17. Nd2 Rac8 18. a3 Bxc6 19. Qxc6 Qxc6 20. Rxc6 Rfd8 21.
Rac1 Kf8 22. b4 Ne8 23. Ne4 Ke7 24. Bf3 h6 25. h4 Ra8 26. Kg2 a5 27. b5 Ra7 28.
h5 Rd7 29. Kf1 a4 30. Nc3 Nxc3 31. R6xc3 Nd6 32. Bc6 Rd8 33. e4 Ra5 34. Rb1 Nc8
35. Rb4 Na7 36. Ke2 Nxc6 37. Rxc6 Rd7 38. Kd3 Kd8 39. Rc1 Ke7 40. f3 Ra8 41. Rg1
Kf8 42. Rc4 Ra5 43. Rb1 Ke7 44. Kc3 f6 45. Kb4 Ra7 46. Rd1 Kf7 47. Rc6 Ra8 48.
Kc4 Ke7 49. d5 exd5+ 50. exd5 Rad8 51. f5 Kf7 52. d6 cxd6 53. Rxb6 d5+ 54. Kd4
Re8 55. Rc6 Re5 56. b6 Rxf5 57. Rc7 Rf4+ 58. Kc5 Rc4+ 59. Kb5 Rdxc7 60. bxc7
Rxc7 61. Rxd5 Rc3 1/2-1/2

[Event "21st Chicago Open"]
[Site "Wheeling USA"]
[Date "2012.05.26"]
[Round "5"]
[White "Liang, Awonder"]
[Black "Aung Thant Zin"]
[Result "0-1"]
[WhiteTitle "FM"]
[BlackTitle "FM"]
[WhiteElo "1890"]
[BlackElo "2299"]
[WhiteFideId "2056437"]
[BlackFideId "13000063"]
[EventDate "2012.05.24"]
[EventType "swiss"]

1. e4 c5 2. Nf3 Nc6 3. Bb5 e6 4. O-O Nge7 5. b3 a6 6. Bxc6 Nxc6 7. Bb2 d6 8. d3
e5 9. Nfd2 Be6 10. Nc4 Be7 11. f4 exf4 12. Rxf4 Bg5 13. Rf1 b5 14. Ncd2 O-O 15.
Nf3 Bf6 16. Bxf6 Qxf6 17. Nbd2 h6 18. Qe1 Qc3 19. Rc1 a5 20. Qg3 Rad8 21. Nb1
Qb2 22. Kh1 a4 23. Qf2 Nb4 24. a3 Na2 25. Rcd1 axb3 26. cxb3 Qxb3 27. Rd2 Nc3
28. Nxc3 Qxc3 29. d4 Qxa3 30. d5 Bg4 31. h3 Bxf3 32. gxf3 f5 33. Ra2 Qc3 34. Rc2
Qe5 0-1

[Event "21st Chicago Open"]
[Site "Wheeling USA"]
[Date "2012.05.26"]
[Round "5"]
[White "Arjun, Vishnuvardhan"]
[Black "Williams, John M"]
[Result "1/2-1/2"]
[WhiteTitle "IM"]
[WhiteElo "2296"]
[BlackElo "2111"]
[WhiteFideId "5013291"]
[BlackFideId "2046636"]
[EventDate "2012.05.24"]
[EventType "swiss"]

1. Nf3 Nf6 2. g3 e6 3. Bg2 d5 4. c4 Be7 5. O-O O-O 6. d4 c6 7. b3 Nbd7 8. Ba3 b6
9. Bxe7 Qxe7 10. Nc3 Ba6 11. Nd2 Rac8 12. e4 e5 13. exd5 exd4 14. dxc6 dxc3 15.
cxd7 Qxd7 16. Ne4 Qxd1 17. Nxf6+ gxf6 18. Rfxd1 c2 19. Rd2 b5 20. Rxc2 bxc4 21.
b4 c3 22. Rac1 Rfe8 23. Bf1 Bxf1 24. Kxf1 Re4 25. a3 Rec4 26. Ke2 a5 27. bxa5
R8c5 28. Kd3 Ra4 29. Rxc3 Rcxa5 30. Ra1 Rb5 31. Ra2 f5 32. Kc2 Re4 33. Kd1 1/2-1/2

[Event "21st Chicago Open"]
[Site "Wheeling USA"]
[Date "2012.05.27"]
[Round "6"]
[White "Hess, Robert L"]
[Black "Perunovic, Milos"]
[Result "1/2-1/2"]
[WhiteTitle "GM"]
[BlackTitle "GM"]
[WhiteElo "2635"]
[BlackElo "2577"]
[WhiteFideId "2022036"]
[BlackFideId "921629"]
[EventDate "2012.05.24"]
[EventType "swiss"]

1. c4 c5 2. Nf3 Nf6 3. Nc3 e6 4. e4 Nc6 5. Be2 b6 6. d4 cxd4 7. Nxd4 Bb7 8. O-O
Bc5 9. Nxc6 Bxc6 10. e5 Ne4 11. Nxe4 Bxe4 12. Bd3 Bxd3 13. Qxd3 Qh4 14. Rb1 a5
15. Be3 Bxe3 16. fxe3 Qg5 17. Qe4 O-O 18. Rbd1 Ra7 19. Rd6 Rc7 20. b3 Rc5 21.
Rxd7 h6 22. Rf3 Rxe5 23. Qd4 Rf5 24. Rg3 Qf6 25. Qxf6 Rxf6 26. Rf3 Rg6 27. a4 e5
28. Rf2 f5 29. Re7 Rd8 30. Rxe5 Rd1+ 31. Rf1 Rd2 32. g3 Rb2 33. Rb5 Re6 34. Rf3
g6 35. Rf2 Rb1+ 36. Rf1 Rb2 37. Rf2 Rb1+ 38. Kg2 Re1 39. c5 bxc5 40. Rxa5 R6xe3
41. Rxc5 Rxb3 42. Rc7 Kf8 43. Ra2 Ree3 44. a5 Ra3 45. Rcc2 Rec3 46. Re2 Re3 47.
Kf1 Rf3+ 48. Ke1 Rfe3 49. Kd1 Red3+ 50. Kc1 Re3 51. Kb1 Rab3+ 52. Rab2 Rxb2+ 53.
Rxb2 Re1+ 54. Kc2 Ra1 55. Rb5 Ke7 56. Kb2 Ra4 57. Kb3 Ra1 58. Kb4 Kd7 59. Rb6 g5
60. Rxh6 f4 61. gxf4 gxf4 62. Kb5 Kc7 63. Rc6+ Kb7 64. Rc2 Rg1 65. a6+ Ka7 66.
Rf2 Rg4 67. Kc6 Rh4 68. Kd5 Kxa6 69. Ke4 Kb6 70. Rc2 Kb5 71. Kf5 f3 72. Kg5 Re4
73. h4 Re2 74. Rc1 Rg2+ 75. Kf4 f2 76. Rf1 Kc6 77. Kf3 Rg8 78. Rc1+ Kd6 79. Kxf2
Ke6 80. Kf3 Kf6 1/2-1/2

[Event "21st Chicago Open"]
[Site "Wheeling USA"]
[Date "2012.05.27"]
[Round "6"]
[White "Shabalov, Alexander"]
[Black "Sargissian, Gabriel"]
[Result "0-1"]
[WhiteTitle "GM"]
[BlackTitle "GM"]
[WhiteElo "2534"]
[BlackElo "2679"]
[WhiteFideId "2008572"]
[BlackFideId "13300881"]
[EventDate "2012.05.24"]
[EventType "swiss"]

1. c4 e6 2. Nf3 d5 3. d4 Nf6 4. Nc3 Be7 5. Bg5 h6 6. Bh4 O-O 7. Qc2 b6 8. O-O-O
Nc6 9. e4 Nb4 10. Qe2 Ba6 11. exd5 exd5 12. Ne5 dxc4 13. Qf3 Qc8 14. Re1 Re8 15.
a3 Nd3+ 16. Bxd3 cxd3 17. Nd5 Nxd5 18. Qxf7+ Kh8 19. Qxd5 Bxh4 20. Ng6+ Kh7 21.
Nxh4 Qg4 22. Qf5+ Qxf5 23. Nxf5 Rf8 24. g4 Rae8 25. Kd2 Rxe1 26. Kxe1 Rd8 27.
Kd2 g6 28. Ng3 Rxd4 29. Re1 Rf4 30. Re7+ Kg8 31. Ke3 Rf7 32. Re6 Kg7 33. b4 d2
34. Kxd2 Rxf2+ 35. Ke3 Rf6 36. Re7+ Rf7 37. Re8 Bb7 38. Ne4 Bc6 39. Re5 Rf1 40.
Re7+ Rf7 41. Re5 Bd7 42. g5 Bh3 43. Re8 Bg2 44. h4 hxg5 45. Nxg5 Rd7 46. Kf4 Bd5
47. Ke5 Bb3 48. Rc8 c5 49. bxc5 Rd5+ 50. Ke4 Rxc5 51. Rxc5 bxc5 52. Ke5 c4 53.
Ne4 Kf7 54. Nc3 Ke7 55. Nd5+ Kd7 56. Kd4 Ke6 57. h5 g5 58. Ne3 Kf6 59. Ng4+ Kg7
60. Kc3 Bd1 61. h6+ Kh7 62. Nf6+ Kxh6 63. Kxc4 Kg6 64. Ne4 g4 65. Kd4 Bf3 66.
Ng3 Kg5 67. Ke3 Bb7 68. Ne2 Kf5 69. Ng3+ Ke5 70. Nh5 Bc6 71. Ng3 Kd5 72. Kd3
Bb5+ 73. Ke3 Kc4 74. Kf4 Kb3 75. Kxg4 Kxa3 76. Kf4 a5 77. Ne4 Kb4 78. Ke3 a4 79.
Kd2 a3 80. Nc3 Be8 81. Na2+ Kb3 82. Nc1+ Kb2 83. Nd3+ Kb1 84. Nb4 Bf7 85. Kc3
Be6 86. Kd2 Bg4 87. Kc3 Bd1 88. Kd2 Bb3 89. Kc3 Ba4 90. Kd2 Bd7 91. Kc3 Be6 92.
Kd2 Bg8 93. Kc3 Bf7 94. Kd2 Kb2 95. Nd3+ Kb3 96. Nc1+ Kc4 97. Na2 Bg6 98. Nc1
Bf5 99. Na2 Kb3 100. Nc1+ Kb2 101. Kd1 Be6 102. Kd2 Bc4 0-1

[Event "21st Chicago Open"]
[Site "Wheeling USA"]
[Date "2012.05.27"]
[Round "6"]
[White "Mitkov, Nikola"]
[Black "Ludwig, Daniel"]
[Result "1-0"]
[WhiteTitle "GM"]
[BlackTitle "IM"]
[WhiteElo "2518"]
[BlackElo "2456"]
[WhiteFideId "15000290"]
[BlackFideId "2024322"]
[EventDate "2012.05.24"]
[EventType "swiss"]

1. e4 c5 2. Nc3 d6 3. f4 g6 4. Nf3 Bg7 5. Bc4 Nc6 6. O-O Nf6 7. d3 O-O 8. Kh1
Bg4 9. h3 Bxf3 10. Qxf3 Nd4 11. Qf2 e6 12. a4 Nd7 13. Ba2 Kh8 14. Nd1 Qe7 15. c3
Nc6 16. f5 gxf5 17. exf5 d5 18. Bf4 d4 19. Qg3 Rg8 20. Bd6 Qf6 21. Nf2 Qxf5 22.
Ne4 Qh5 23. Qg5 Qxg5 24. Nxg5 Nde5 25. cxd4 cxd4 26. Rae1 h6 27. Nxf7+ Nxf7 28.
Rxf7 e5 29. Rxb7 Rgd8 30. Bc7 Rd7 31. Be6 Re7 32. Bd5 Rc8 33. Bxc6 Rexc7 34.
Rxc7 Rxc7 35. Bd5 Bf8 36. g4 Rc2 37. Rxe5 Rxb2 38. Rf5 Bb4 39. Rf6 Kg7 40. Ra6
Re2 41. Be4 Bd2 42. h4 Rf2 43. g5 hxg5 44. hxg5 Rf7 45. Kg2 Kf8 46. g6 Re7 47.
Kf3 Kg7 48. Rd6 Bc3 49. Kg4 a5 50. Kf5 Bb2 51. Rd8 1-0

[Event "21st Chicago Open"]
[Site "Wheeling USA"]
[Date "2012.05.27"]
[Round "6"]
[White "Felecan, Florin"]
[Black "Perelshteyn, Eugene"]
[Result "0-1"]
[WhiteTitle "IM"]
[BlackTitle "GM"]
[WhiteElo "2399"]
[BlackElo "2526"]
[WhiteFideId "2016230"]
[BlackFideId "2012529"]
[EventDate "2012.05.24"]
[EventType "swiss"]

1. c4 Nf6 2. g3 g6 3. Bg2 Bg7 4. Nc3 O-O 5. d3 d6 6. e4 c5 7. Nge2 Nc6 8. O-O
Ne8 9. a3 Nc7 10. Rb1 a5 11. Bd2 Bg4 12. f3 Bd7 13. Kh1 Rb8 14. a4 Na6 15. Nb5
Nab4 16. Bc3 Ne5 17. f4 Ng4 18. Qd2 e5 19. h3 Nh6 20. Nxd6 Bxh3 21. Bxh3 Qxd6
22. Rbd1 f6 23. fxe5 fxe5 24. Bxb4 axb4 25. Qg5 Rxf1+ 26. Bxf1 Nf7 27. Qh4 h5
28. Ng1 Bf6 29. Qh2 Ng5 30. Be2 Kg7 31. Nf3 Rh8 32. Nh4 Ne6 33. Rf1 Qe7 34. Ng2
Bg5 35. Kg1 Nd4 36. Bd1 Qe6 37. b3 b6 38. Nh4 Bxh4 39. Qxh4 Re8 40. Kg2 Qe7 41.
Qh3 Ne6 42. Kg1 Qg5 43. Kh1 Re7 44. Bf3 Qe3 45. Bg2 Qxd3 46. Kh2 Qxb3 47. Rf5
gxf5 48. exf5 Qe3 49. fxe6 Qg5 50. Be4 Qg4 51. Qg2 h4 52. Qd2 hxg3+ 53. Kg1 Qf4 0-1

[Event "21st Chicago Open"]
[Site "Wheeling USA"]
[Date "2012.05.27"]
[Round "6"]
[White "Holt, Conrad"]
[Black "Burnett, Ronald"]
[Result "1-0"]
[WhiteTitle "IM"]
[BlackTitle "IM"]
[WhiteElo "2515"]
[BlackElo "2360"]
[WhiteFideId "2034387"]
[BlackFideId "2002159"]
[EventDate "2012.05.24"]
[EventType "swiss"]

1. d4 e6 2. c4 Bb4+ 3. Bd2 Bxd2+ 4. Qxd2 d5 5. Nf3 Nf6 6. g3 O-O 7. Bg2 Nbd7 8.
O-O c5 9. Rd1 b6 10. Nc3 Bb7 11. Ne5 Re8 12. Rac1 Rc8 13. b3 Re7 14. Nb5 cxd4
15. Qxd4 Nxe5 16. Qxe5 Rd7 17. Nc3 Rc5 18. Qf4 d4 19. Bxb7 Rf5 20. Qd2 dxc3 21.
Qc2 h5 22. Bf3 Ra5 23. a4 h4 24. Rxd7 Qxd7 25. Rd1 Qe7 26. b4 Rf5 27. Qxc3 a5
28. b5 g5 29. Bc6 Kg7 30. e4 Rc5 31. e5 Ng4 32. Rd7 Qf8 33. h3 Nxe5 34. f4 gxf4
35. gxf4 Kh6 36. fxe5 Qg7+ 37. Bg2 Rxe5 38. Rxf7 1-0

[Event "21st Chicago Open"]
[Site "Wheeling USA"]
[Date "2012.05.27"]
[Round "6"]
[White "Kekelidze, Mikheil"]
[Black "Kretchetov, Alexandre"]
[Result "1-0"]
[WhiteTitle "GM"]
[BlackTitle "FM"]
[WhiteElo "2494"]
[BlackElo "2339"]
[WhiteFideId "13600818"]
[BlackFideId "4124588"]
[EventDate "2012.05.24"]
[EventType "swiss"]

1. c4 e5 2. Nc3 Nc6 3. Nf3 f5 4. d4 e4 5. Ng1 Nf6 6. Bg5 Be7 7. e3 O-O 8. h4 h6
9. Bf4 d5 10. cxd5 Nxd5 11. Nxd5 Qxd5 12. Ne2 Bb4+ 13. Nc3 Be6 14. Be2 Bxc3+ 15.
bxc3 Na5 16. O-O Qd7 17. Qb1 Qc6 18. Qb4 Nc4 19. Rfb1 b6 20. a4 a6 21. h5 Rf7
22. Kh2 Rd8 23. Rh1 Rdd7 24. Rhg1 a5 25. Qb1 Nd6 26. c4 Bxc4 27. Rc1 Qd5 28.
Bxc4 Nxc4 29. Qa2 b5 30. axb5 Nb6 31. Qxa5 Qe6 32. Rc6 Qe8 33. Bxc7 Rxc7 34.
Qxb6 Rb7 35. Qc5 Qb8+ 36. g3 Rf8 37. b6 Qe8 38. Rg6 Qd7 39. Qc6 Qf7 40. Qe6 1-0

[Event "21st Chicago Open"]
[Site "Wheeling USA"]
[Date "2012.05.27"]
[Round "6"]
[White "Managadze, Nikoloz"]
[Black "Adamson, Robby"]
[Result "1-0"]
[WhiteTitle "IM"]
[BlackTitle "FM"]
[WhiteElo "2472"]
[BlackElo "2322"]
[WhiteFideId "13600575"]
[BlackFideId "2009730"]
[EventDate "2012.05.24"]
[EventType "swiss"]

1. Nf3 c5 2. c4 g6 3. g3 Bg7 4. Bg2 Nc6 5. O-O e6 6. Nc3 Nge7 7. d3 O-O 8. Be3
d6 9. Qc1 Nf5 10. Bg5 Qd7 11. Rb1 b6 12. a3 Bb7 13. b4 h6 14. Bd2 Kh7 15. e3
Rad8 16. Rd1 g5 17. Qc2 g4 18. Ne1 Ne5 19. Bxb7 Qxb7 20. Ne2 Nf3+ 21. Nxf3 Qxf3
22. Bc1 h5 23. Nf4 Be5 24. Ng2 Kg7 25. Bb2 cxb4 26. d4 b3 27. Qxb3 Bf6 28. Qc2
Ne7 29. e4 Bg5 30. Rf1 d5 31. cxd5 exd5 32. Rbe1 Rc8 33. Qb1 Rfe8 34. exd5 Nxd5
35. Re5 f6 36. Rf5 Nc3 37. Bxc3 Qxc3 38. Nf4 Qc2 39. Qb5 Bxf4 40. Rxf4 Kg6 41.
Qd7 Qd3 42. Qd6 Rf8 43. Re1 Rcd8 44. Qe7 Rde8 45. Rxf6+ Rxf6 46. Qxe8+ Kh6 47.
Qh8+ Kg6 48. Qg8+ Kh6 49. Qd8 Qf3 50. Qh8+ Kg6 51. Qe8+ Kh6 52. Re2 Qd3 53. Qe5
Kg6 54. d5 Qd1+ 55. Kg2 Qd3 56. h4 gxh3+ 57. Kxh3 Qf3 58. Kh2 Qxa3 59. f4 Qf3
60. d6 h4 61. Qg5+ 1-0

[Event "21st Chicago Open"]
[Site "Wheeling USA"]
[Date "2012.05.27"]
[Round "6"]
[White "Menon, Gopal S"]
[Black "Bartholomew, John"]
[Result "1/2-1/2"]
[BlackTitle "IM"]
[WhiteElo "2180"]
[BlackElo "2445"]
[WhiteFideId "2017482"]
[BlackFideId "2019353"]
[EventDate "2012.05.24"]
[EventType "swiss"]

1. e4 d5 2. exd5 Qxd5 3. Nf3 Bg4 4. Be2 Nc6 5. d4 O-O-O 6. Be3 e5 7. c4 Qa5+ 8.
Bd2 Bb4 9. d5 Bxf3 10. Bxf3 Bxd2+ 11. Nxd2 Nd4 12. O-O Nxf3+ 13. Nxf3 f6 14. Qc2
Ne7 15. b4 Qxb4 16. Rab1 Qd6 17. Qb3 b6 18. Rfc1 Nf5 19. Qa4 1/2-1/2

[Event "21st Chicago Open"]
[Site "Wheeling USA"]
[Date "2012.05.27"]
[Round "6"]
[White "Mulyar, Michael A."]
[Black "Ni, Viktorija"]
[Result "0-1"]
[WhiteTitle "IM"]
[BlackTitle "WIM"]
[WhiteElo "2408"]
[BlackElo "2228"]
[WhiteFideId "2008742"]
[BlackFideId "11602252"]
[EventDate "2012.05.24"]
[EventType "swiss"]

1. c4 e5 2. g3 Nf6 3. Bg2 d5 4. cxd5 Nxd5 5. Nf3 Nc6 6. O-O Be7 7. Nc3 Nb6 8. a3
O-O 9. b4 Re8 10. d3 Bf8 11. Bb2 a5 12. b5 Nd4 13. Nd2 c6 14. bxc6 Nxc6 15. Na4
Be6 16. Ne4 Nxa4 17. Qxa4 Rb8 18. Nd2 Bd5 19. Qb5 Bxg2 20. Kxg2 Na7 21. Qb3 b5
22. Ne4 Nc6 23. Rac1 a4 24. Qa2 Na5 25. f4 exf4 26. Rxf4 Nb3 27. Rcf1 Qd5 28.
Rf5 Qc6 29. Be5 Rbc8 30. R1f3 Qc1 31. Rf1 Qxa3 32. Qxa3 Bxa3 33. Rg5 Rxe5 34.
Rxe5 Rb8 35. Rd5 Bb2 36. Rd7 a3 37. Ra7 b4 38. Rfxf7 Bd4 39. Ng5 Bxa7 40. Rxa7
Nc1 41. Ne6 a2 0-1

[Event "21st Chicago Open"]
[Site "Wheeling USA"]
[Date "2012.05.27"]
[Round "6"]
[White "Vibbert, Sean"]
[Black "Rensch, Daniel"]
[Result "1-0"]
[BlackTitle "IM"]
[WhiteElo "2214"]
[BlackElo "2396"]
[WhiteFideId "2030292"]
[BlackFideId "2017202"]
[EventDate "2012.05.24"]
[EventType "swiss"]

1. e4 c5 2. Nf3 Nc6 3. d4 cxd4 4. Nxd4 g6 5. Nc3 Bg7 6. Be3 Nf6 7. Bc4 O-O 8.
Bb3 d6 9. f3 Na5 10. Qd2 Nxb3 11. axb3 Bd7 12. Bh6 a5 13. h4 b5 14. h5 e5 15.
Bxg7 Kxg7 16. hxg6 exd4 17. Qh6+ Kg8 18. g7 dxc3 19. gxf8=Q+ Qxf8 20. Qxf6 cxb2
21. Qxb2 a4 22. Rh5 h6 23. Qf6 Kh7 24. Kd2 Qg7 25. Qxg7+ Kxg7 26. b4 a3 27. Rd5
Ra6 28. e5 a2 29. Rxd6 Ra7 30. Rxa2 Rxa2 31. Rxd7 Ra1 32. e6 1-0